[Event "Duitama op 9th"]
[Site "Duitama"]
[Date "2013.01.07"]
[Round "7"]
[White "Sandoval Fuquen, Janneth Katherin"]
[Black "Sepulveda Fonseca, Jefersson Dav"]
[Result "1-0"]
[WhiteElo "1528"]
[BlackElo "1576"]
[PlyCount "79"]
[EventDate "2013.01.03"]
[EventType "swiss"]
[EventRounds "7"]
[EventCountry "COL"]
[SourceTitle "CBM 152 Extra"]
[Source "ChessBase"]
[SourceDate "2013.02.25"]
[SourceVersion "1"]
[SourceVersionDate "2013.02.25"]
[SourceQuality "1"]

1. b3 e5 2. c4 d5 3. cxd5 Qxd5 4. Nc3 Qd8 5. Bb2 Nc6 6. Nf3 a6 7. e4 Nf6 8. Bc4 Bd6 9. 0-0 0-0 10. d3 b5 11. Bd5 Nxd5 12. Nxd5 Bb7 13. Qc2 f6 14. Rac1 Rc8 15. Nh4 Nb4 16. Nxb4 Bxb4 17. Nf5 g6 18. Nh6+ Kg7 19. Ng4 Qd7 20. h3 Ba5 21. Kh1 Bb6 22. f4 h5 23. Nxf6 Kxf6 24. fxe5+ Ke7 25. Qd2 Qe6 26. Qg5+ Kd7 27. Rf6 Rxf6 28. exf6 Rf8 29. Rf1 Bxe4 30. dxe4 Qxe4 31. Rd1+ Kc8 32. Qe5 Qxe5 33. Bxe5 Rf7 34. Rf1 Kd7 35. Rf3 Ke6 36. Bc3 a5 37. Rg3 Kf5 38. h4 Bc5 39. Rg5+ Ke6 40. Rxc5 1-0